औदुंबर आणि पारिजात (Record no. 155586)

MARC details
000 -LEADER
fixed length control field 00621nam a2200169Ia 4500
008 - FIXED-LENGTH DATA ELEMENTS--GENERAL INFORMATION
fixed length control field 090124s9999 xx 000 0 und d
082 ## - DEWEY DECIMAL CLASSIFICATION NUMBER
Item number 109495
100 ## - MAIN ENTRY--PERSONAL NAME
Personal name जोशी य.गो. (यशवंत गोपाळ)
245 ## - TITLE STATEMENT
Title औदुंबर आणि पारिजात
250 ## - EDITION STATEMENT
Edition statement 1
300 ## - PHYSICAL DESCRIPTION
Extent 116
600 ## - SUBJECT ADDED ENTRY--PERSONAL NAME
Personal name जोशी य.गो. (यशवंत गोपाळ)
630 ## - SUBJECT ADDED ENTRY--UNIFORM TITLE
Uniform title औदुंबर आणि पारिजात
700 ## - ADDED ENTRY--PERSONAL NAME
Personal name जोशी य.गो. (यशवंत गोपाळ)
730 ## - ADDED ENTRY--UNIFORM TITLE
Uniform title औदुंबर आणि पारिजात
942 ## - ADDED ENTRY ELEMENTS (KOHA)
Koha item type Book
Holdings
Withdrawn status Lost status Damaged status Not for loan Home library Current library Date acquired Cost, normal purchase price Total Checkouts Full call number Barcode Date last seen Cost, replacement price Price effective from Koha item type
        Marathi Granth Sangrahalaya,Thane Marathi Granth Sangrahalaya,Thane   2.00   109495 THNMGS-109495 01/24/2009 2.00 01/24/2009 Book